00222nam a2200097 a 4500003000200000005001700002008004100019050001700060245003200077260001500109020240731093409.0970110s19uu xx 00 eng d aVHS SDbR 34 aSIS/SISFU MTV :bFeb. 2000. cFeb. 2000.